00282nam a22000977a 4500008004100000082001600041100000800057245009100065260001900156300000900175230703b xxu||||| |||| 00| 0 eng d a345.05bCOM cCOM aReport of the President's Commission on the Assassination of President John F. Kennedy aWashingtonbUS a888p